Statistics for Top 10 Happiest Countries in the World - 2022

Click here to take the quiz!

General Stats

  • This quiz has been taken 70 times
  • The average score is 8 of 10

Answer Stats

HintAnswer% Correct
World Happiness Report rating of 7.384Sweden
98%
World Happiness Report rating of 7.821Finland
97%
World Happiness Report rating of 7.557Iceland
95%
World Happiness Report rating of 7.365Norway
95%
World Happiness Report rating of 7.636Denmark
92%
World Happiness Report rating of 7.415Netherlands
84%
World Happiness Report rating of 7.512Switzerland
82%
World Happiness Report rating of 7.404Luxembourg
69%
World Happiness Report rating of 7.200New Zealand
67%
World Happiness Report rating of 7.364Israel
30%

Score Distribution

Percentile by Number Answered

Percent of People with Each Score

Your Score History

You have not taken this quiz